MLB: Silver Sluggers-Catcher - Statistics

General Stats
  • This quiz has been taken 147 times
    138 since last reset
  • The average score is 13 of 34
Answer Stats
Year Player League % Correct
2002, 2001, 2000, 1999, 1998, 1997, 1996, 1995, 1994, 1993 Mike Piazza NL
87%
2013 Yadier Molina NL
82%
2017, 2015, 2014, 2012 Buster Posey NL
78%
2004, 1999, 1998, 1997, 1996, 1995, 1994 Ivan Rodriguez AL
76%
2013, 2010, 2009, 2008, 2006 Joe Mauer AL
65%
2019, 2018 JT Realmuto NL
62%
2020, 2018, 2016 Salvador Perez AL
62%
2007, 2003, 2002, 2001, 2000 Jorge Posada AL
60%
1986, 1985, 1984, 1982, 1981 Gary Carter NL
56%
1988, 1985, 1981 Carlton Fisk AL
51%
2017 Gary Sanchez AL
51%
2007 Russell Martin NL
45%
2015 Brain McCann AL
41%
2011, 2010, 2009, 2008, 2006 Brian McCann NL
41%
2005 Jason Varitek AL
36%
2003 Javy Lopez NL
35%
1990, 1986, 1984, 1983, 1982, 1980 Lance Parrish AL
35%
1991, 1990, 1988, 1987 Benito Santiago NL
33%
2004 Victor Martinez AL
29%
1989 Craig Biggio NL
28%
2012 AJ Pierzynski AL
24%
1992 Darren Daulton NL
24%
1987 Matt Nokes AL
24%
1992, 1991, 1989 Mickey Tettleton AL
21%
2020 Travis d'Arnaud NL
21%
1980 Ted Simmons NL
19%
2014 Yan Gomes AL
18%
2016 Wilson Ramos NL
13%
1983 Terry Kennedy NL
12%
2019 Mitch Garver AL
10%
2011 Alex Avila AL
9%
2005 Michael Barrett NL
5%
2004 Johnny Estrada NL
3%
1993 Mike Stanley AL
0%
No matching quizzes found
Score Distribution
Percent of People with Each Score
Percentile by Number Answered
Your Score History
You have not taken this quiz since the last reset